000 nam a22 7a 4500
999 _c8490
_d8490
008 180117b ||||| |||| 00| 0 eng d
100 _94883
_aDONALDSON.J
245 _aTHE HIGHWAY RAT
260 _aUK
_bMALASIA
_c2011